| 000 | 00379nam a22001457a 4500 | ||
|---|---|---|---|
| 999 |
_c7942 _d7942 |
||
| 003 | OSt | ||
| 005 | 20200609171053.0 | ||
| 008 | 200609b ||||| |||| 00| 0 eng d | ||
| 020 | _a9789810883249 | ||
| 082 |
_a720.284 _bRUZ |
||
| 100 | _a Ruzaimi Mat Rani | ||
| 245 | _aPerspective creative 01 : one point perspective | ||
| 260 |
_asingapur _bWords and Visuals _c2011 |
||
| 942 | _2ddc | ||